000 00691nam a2200217Ia 4500
003 OSt
005 20260204154401.0
008 210210b1884 xxu||||| |||| 00| 0 eng d
040 _cAL
041 _aKannada
082 _a852/497
100 _aRAMASHASTRI
_dರಾಮಶಾಸ್ತ್ರಿ
_9253685
245 _aShrimadhbhagavata dashamaskandavachana kAvyavu
_b ಶ್ರೀಮದ್ಭಾಗವತ ದಶಮಸ್ಕಂದವಚನ ಕಾವ್ಯವು
260 _aBengaLUru
_b-
_c1884
650 _aShrimadhbhagavata
_9253686
650 _akAvyavu
_9253687
650 _adashamaskandavachana
_9253688
690 _aKannada Prose
_9253689
906 _a019063
942 _2ddc
_cBK
999 _c143136
_d143136